000 00750nam a2200217Ii 4500
003 JO-AjNU
008 230605s9999||||xx |||||||||||||| ||und||
017 _a1983/1187
040 _aJO-AjNU
_bara
_erda
_cJO-AjNU
041 _aara
050 1 4 _aPJ6170.Z3222 1983
100 3 _aتاليف باشا زادة،احمد بن كامل؛تحقيق احمد خطاب العمر,
_eauthor
_916972
245 0 0 _aفي التعريب
264 3 1 _aبغداد: جامعة الموصل،1983
300 _a73ص
336 _atext
_btxt
_2rdacontent
337 _aunmediated
_bn
_2rdamedia
338 _avolume
_bnc
_2rdacarrier
490 0 _aمركز البحوث الحضارية والاثار 1
650 4 _aاللغة العربية-التعريب
_916973
999 _aA5146
_c8714
_d8714